| 000 -CABECERA |
| fixed length control field |
01623nam a22003137a 4500 |
| 003 - IDENTIFICADOR DEL NÚMERO DE CONTROL |
| control field |
AR-CdUCM |
| 008 - DATOS DE LONGITUD FIJA--INFORMACIÓN GENERAL |
| fixed length control field |
260127b2025 pe ||||| |||| 00| 0 spa d |
| 020 ## - NÚMERO INTERNACIONAL ESTÁNDAR DEL LIBRO |
| ISBN |
978-612-46911-4-0 |
| 040 ## - FUENTE DE LA CATALOGACIÓN |
| Agencia/entidad que catalogó originalmente la obra |
MUNICIPALIDAD PROVINCIAL DEL CUSCO |
| Entidad que transcribió la catalogación |
BIBLIOTECA MUNICIPAL DEL CUSCO |
| 082 ## - NÚMERO DE LA CLASIFICACIÓN DECIMAL DEWEY |
| No. de Clasificación |
370.1965 / |
| Notacion interna |
P77 |
| 110 u# - ENTRADA PRINCIPAL--NOMBRE DE ENTIDAD CORPORATIVA |
| Nombre de la institución, jurisdicción como entrada principal |
Fundación Universitaria para la Investigación, Desarrollo, Ciencia y Cultura San Antonio Abad del Cusco (FUNSAAC) / Convenio ARES-UNSAAC |
| 9 (RLIN) |
52266 |
| 245 ## - MENCIÓN DE TÍTULO |
| Título |
La Cooperación Belga en la Unsaac : |
| Resto del título |
Convenio ARES-UNSAAC 2014 - 2022 / |
| 260 ## - PUBLICACIÓN, DISTRIBUCIÓN, ETC. |
| Lugar de publicación, distribución, etc. |
Cusco : |
| Nombre de la editorial, distribuidor, etc. |
Luz Marina Ponce Aranibar, |
| Fecha de publicación, distribución, etc. |
2025. |
| 300 ## - DESCRIPCIÓN FÍSICA |
| Nº de Páginas Extensión |
56 páginas. : |
| Dimensiones |
15 x 20 cm. |
| 505 ## - NOTA DE CONTENIDO CON FORMATO |
| Nota de contenido formateada |
Contenido : Los antecedentes: del CIUF a ARES -- El programa de Apoyo Institucional UNSAAC -- La primera etapa: 2014-2016 -- La segunda 2017-2019 -- La tercera 2020-2022 -- La estrategia de trabajo -- El apoyo a la Responsabilidad Social Universitaria -- El Centro de Desarrollo Docente - CEDOC -- Ocongate: una experiencia piloto de investigación interdiciplinaria -- El enfoque de género en la intervención -- Acerca de la sostenibilidad de los resultados.... |
| 650 ## - PUNTO DE ACCESO ADICIONAL DE MATERIA--TÉRMINO DE MATERIA |
| Descriptor |
Objetivos estratégicos |
| 9 (RLIN) |
52267 |
| 650 ## - PUNTO DE ACCESO ADICIONAL DE MATERIA--TÉRMINO DE MATERIA |
| Descriptor |
Resultados esperados |
| 9 (RLIN) |
52268 |
| 650 ## - PUNTO DE ACCESO ADICIONAL DE MATERIA--TÉRMINO DE MATERIA |
| Descriptor |
Actividades realizadas |
| 9 (RLIN) |
52269 |
| 650 ## - PUNTO DE ACCESO ADICIONAL DE MATERIA--TÉRMINO DE MATERIA |
| Descriptor |
Desarrollo humano |
| 9 (RLIN) |
3459 |
| 650 ## - PUNTO DE ACCESO ADICIONAL DE MATERIA--TÉRMINO DE MATERIA |
| Descriptor |
Biodiversidad |
| 9 (RLIN) |
19327 |
| 650 ## - PUNTO DE ACCESO ADICIONAL DE MATERIA--TÉRMINO DE MATERIA |
| Descriptor |
Competitividad |
| 9 (RLIN) |
52270 |
| 650 ## - PUNTO DE ACCESO ADICIONAL DE MATERIA--TÉRMINO DE MATERIA |
| Descriptor |
Principales actividades |
| 9 (RLIN) |
52271 |
| 650 ## - PUNTO DE ACCESO ADICIONAL DE MATERIA--TÉRMINO DE MATERIA |
| Descriptor |
Lecciones aprendidas |
| 9 (RLIN) |
35797 |
| 650 ## - PUNTO DE ACCESO ADICIONAL DE MATERIA--TÉRMINO DE MATERIA |
| Descriptor |
La articulación |
| 9 (RLIN) |
52272 |
| 650 ## - PUNTO DE ACCESO ADICIONAL DE MATERIA--TÉRMINO DE MATERIA |
| Descriptor |
Estrategia de trabajo |
| 9 (RLIN) |
52273 |
| 942 ## - ELEMENTOS DE PUNTO DE ACCESO ADICIONAL (KOHA) |
| Fuente de clasificación |
|
| Tipo de item |
Libros-BMC |
| 945 ## - PROCESAMIENTO DE INFORMACIÓN LOCAL (OCLC) |
| Catalogador |
jmcs |
| AAAA-MM-DD - Fecha de ingreso o modificacion |
27/01/2026 |